|
|
|
|
| LEADER |
00711ntm a2200169 i 4500 |
| 001 |
misc71093 |
| 005 |
20241129112224.0 |
| 008 |
230310s1937 hu o 000 hun d |
| 040 |
|
|
|a SZTE Miscellanea Repozitórium
|b hun
|
| 041 |
|
|
|a hun
|
| 100 |
1 |
|
|a Csia Sándor
|
| 245 |
1 |
0 |
|a Vitéz Csia Sándor, a Magyar Királyi Államvasutak Igazgatósága főorvosának gratuláló levele Szent-Györgyi Alberthez
|h [elektronikus dokumentum] /
|c Csia Sándor
|
| 260 |
|
|
|c 1937-10-30
|
| 300 |
|
|
|a 2 fol.
|
| 561 |
|
|
|a Szent-Györgyi Albert gratuláló levelek
|
| 695 |
|
|
|a Levelezés - Csia Sándor - Szent-Györgyi Albert, Nobel-díj - 1937
|
| 856 |
4 |
0 |
|u http://misc.bibl.u-szeged.hu/71093/1/gratulalo_levelek_057.pdf
|z Dokumentum-elérés
|